Statistics for Biggest Cities in Southeastasia and Oceania

Click here to take the quiz!

General Stats

  • This quiz has been taken 10 times
  • The average score is 15 of 20

Answer Stats

PopulationCountryCity% Correct
18 mio peopleThailandBangkok
100%
6 mio peopleVietnamHanoi
100%
10 mio peopleVietnamHo Chi Minh City
100%
35 mio peopleIndonesiaJakarta
100%
6 mio peopleMalaysiaKuala Lumpur
100%
32 mio peoplePhilippinesManila
100%
5 mio peopleAustraliaMelbourne
100%
3 mio peopleAustraliaPerth
100%
8 mio peopleSingaporeSingapore
100%
5 mio peopleAustraliaSydney
100%
2 mio peopleAustraliaBrisbane
80%
5 mio peopleMyanmarYangon/Rangoon
80%
6 mio peopleIndonesiaSurabaya
70%
2 mio peoplePhilippinesQuezon City
60%
7 mio peopleIndonesiaBandung
50%
3 mio peopleIndonesiaMedan
50%
2 mio peopleCambodiaPhnom Phen
40%
2 mio peopleIndonesiaPalembang
20%
3 mio peopleVietnamHaiphong
10%
3 mio peopleIndonesiaSemerang
10%

Score Distribution

Percentile by Number Answered

Percent of People with Each Score

Your Score History

You have not taken this quiz